000 00649nam a2200193Ia 4500
005 20250508160700.0
008 008 250505s9999 xx 000 0 eng d
037 _aBooks to be hide in OPAC
040 _aFEDL
_beng
_cFEDL
041 _aeng
_2eng
084 _a378.42, ENG/O
_qFEDL
100 _aScherer Jacqueline
_9134209
245 0 _aStudents in residence
245 0 _cDepartment of Higher Education University of London Institute of Education
260 _aLondon, UK
_bNational Foundation for Educational Research in England and Wales
_c1969
300 _a42p.
942 _cHB
_h378.42, ENG/O
999 _c1366015
_d1366015